Demon Slayer: Kamaboko Squad - Images - Statistics

General Stats
  • This quiz has been taken 54 times
  • The average score is 7 of 7
Answer Stats
Picture Answer % Correct
Tanjiro | Kamado
98%
Zenitsu | Agatsuma
98%
Inosuke | Hashibira
96%
Nezuko | Kamado
96%
Kanao | Tsuyuri
93%
Genya | Shinazugawa
91%
Aoi | Kanzaki
87%
No matching quizzes found
Score Distribution
Percent of People with Each Score
Percentile by Number Answered
Your Score History
You have not taken this quiz